000 00502nam a2200217Ia 4500
003 OSt
005 20221005131239.0
006 a|||||r|||| 00| 0
007 ta
008 221004b |||||||| |||| 00| 0 eng d
024 _a120339
037 _cTextual
040 _aCRL
_cCRL
_beng
041 _2eng
_aeng
100 _aDampier W C
_9639318
245 0 _aShorter history of Science
260 _c1959
650 _aSCIENCE
942 _cTEXL
_2cc
999 _c1059746
_d1059746